Songtekst Oude Maasweg - Statistieken

Algemene statistieken
  • Deze quiz is 19 keer genomen
    10 sinds de laatste reset
  • De gemiddelde score is 21 van 29
Antwoordstatistieken
Hint Antwoord % Correct
heen. 't Regent nog steeds en ik voel me zo alleen
88%
Since you went away
88%
Regen klettert op het dak
88%
and it's been raining all day
88%
Oude Maasweg, kwart voor drie
88%
Oude Maasweg, kwart voor drie
88%
With every step I see your face
88%
Like a mirror looking back at me
88%
Sayin' you're the only one
88%
'k Zit hier op de snelweg met een lege tank
88%
Sittin' on a highway in a broken van
88%
Nu 'k je nooit meer zie
88%
Nu 'k je nooit meer zie
88%
Thinkin' of you again
75%
Ik zal nou wel naar huis toe moeten liften
75%
'k Loop wel door maar ik kan nergens
75%
Manhatten Island Serenade
75%
Ik denk aan jou bij elke stap
75%
Guess I have to hitchhike to the station
75%
I'm so glad to be alive
63%
Olievlekken op de Maas
63%
Nowhere to run and not a guitar
50%
Mixed up inside
50%
staan. Ik kom nooit meer van je los
50%
in de nevel
50%
to play
50%
Making me feel I could survive
50%
In de verte blijft de Transit
50%
'k Zie de Caltex
38%
Geen overeenkomende quizzen gevonden
Scoreverdeling
Procent van Mensen met Elke Score
Percentiel versus Aantal Correcte Antwoorden
Uw Scoregeschiedenis
U heeft deze quiz nog niet genomen sinds de laatste reset